Normal view
MARC view
Entry Personal Name
001 - CONTROL NUMBER
- control field: 50164
003 - CONTROL NUMBER IDENTIFIER
- control field: dpl
005 - DATE AND TIME OF LATEST TRANSACTION
- control field: 20120713161340.0
008 - FIXED-LENGTH DATA ELEMENTS
- fixed length control field: 120713|||a|||||| | ||| d
040 ## - CATALOGING SOURCE
- Original cataloging agency: dpl
- Transcribing agency: dpl
100 ## - HEADING--PERSONAL NAME
- Personal name: शुक्ल, श्रीलाल
670 ## - SOURCE DATA FOUND
- Source citation: Work cat.: (dpl)62204: शुक्ल, श्रीलाल, यहां से वहां /, 2012
670 ## - SOURCE DATA FOUND
- Source citation: Work cat.: (dpl)62204: शुक्ल, श्रीलाल, यहां से वहां /, 2012
